000 00323nam a22001457a 4500
008 210312b ||||| |||| 00| 0 eng d
020 _a9780534539191
041 _aeng
080 _22nd
_a32
082 _a32
100 _a19
101 _aSHP
245 _aCities, Change and Confloct
_cKleniewski, N
942 _2udc
_cBK
999 _c56545
_d56545